Normal view
MARC view
- Rahmatian, Andreas,
Entry Personal Name
001 - CONTROL NUMBER
- control field: 103175
003 - CONTROL NUMBER IDENTIFIER
- control field: NUST
005 - DATE AND TIME OF LATEST TRANSACTION
- control field: 20221120115127.0
008 - FIXED-LENGTH DATA ELEMENTS
- fixed length control field: 221120|| aca||aabn | a|a d
040 ## - CATALOGING SOURCE
- Original cataloging agency: NUST
- Transcribing agency: NUST
100 ## - HEADING--PERSONAL NAME
- Personal name: Rahmatian, Andreas,
- Dates associated with a name: 1967-
670 ## - SOURCE DATA FOUND
- Source citation: Work cat.: (NUST)0: Rahmatian, Andreas, 1967- author., Credit and creed :
